Normal view
MARC view
Entry Personal Name
001 - CONTROL NUMBER
- control field: 1238792
003 - CONTROL NUMBER IDENTIFIER
- control field: OSt
005 - DATE AND TIME OF LATEST TRANSACTION
- control field: 20260507154305.0
008 - FIXED-LENGTH DATA ELEMENTS
- fixed length control field: 260507|| aca||aabn | a|a d
040 ## - CATALOGING SOURCE
- Original cataloging agency: OSt
- Transcribing agency: OSt
100 ## - HEADING--PERSONAL NAME
- Personal name: राजेश सिरोठिया
670 ## - SOURCE DATA FOUND
- Source citation: Work cat.: (OSt)1851126: राजेश सिरोठिया, खबरनवीसी : आपबीती, आँखों-देखी, 2024
